000 01000nmm a2200313 a 4500
001 ocm0002016343
003 TR-IsHL
005 20201028175732.0
008 181107s2014 tu tur
007 cr cn
020 _a9789753434461
035 _a2016343
_b(N$T)
050 0 4 _aDS195.5
_b.P47 2014
090 0 4 _aDS195.5
_b.P47 2014
100 1 _aPerinçek, Doğu
245 1 0 _aErmeni sorununda strateji ve siyaset
_h[electronic resource] /
_cDoğu Perinçek ; genel yayın yönetmeni Sadık Usta
250 _a3. Basım
260 _aİstanbul :
_bKaynak Yayınları,
_c2014
300 _a166 p.
650 4 _aTarih
650 4 _aHistory
650 0 _aArmenian question
650 0 _aErmeni sorunu
650 0 _aArmenians
_x Turkey
650 0 _aErmeniler
_x Türkiye
650 7 _aHISTORY / Middle East / Turkey & Ottoman Empire
_2bisacsh
700 1 _aUsta, Sadık
856 4 0 _uhttp://search.ebscohost.com/login.aspx?direct=true&scope=site&db=e011xww&AN=2016343
999 _c18812
_d18812